| 000 | 00399nam a22001697a 4500 | ||
|---|---|---|---|
| 003 | NUST - PNEC | ||
| 005 | 20170116180952.0 | ||
| 008 | 150908b xxu||||| |||| 00| 0 eng d | ||
| 020 | _a- | ||
| 040 | _cLIBRARY | ||
| 082 | _a621.381 ROM | ||
| 100 |
_99212 _aRomanowitz |
||
| 245 |
_aIntroduction to electronics _cRomanowitz |
||
| 260 | _c- | ||
| 650 |
_99213 _aElectronics _xEL |
||
| 942 |
_2ddc _cBK |
||
| 999 |
_c66466 _d66466 |
||